[Event "Lippe Cup-C 08th"]
[Site "Lieme"]
[Date "2011.10.29"]
[Round "3"]
[White "Jakubek, Leander"]
[Black "Tanriverdi, Baran"]
[Result "1-0"]
[WhiteElo "1247"]
[BlackElo "1252"]
[PlyCount "69"]
[EventDate "2011.10.28"]
[EventType "swiss"]
[EventRounds "5"]
[EventCountry "GER"]
[SourceTitle "EXT 2012"]
[Source "ChessBase"]
[SourceDate "2011.11.24"]
[SourceVersion "1"]
[SourceVersionDate "2011.11.24"]
[SourceQuality "1"]

1. Nf3 Nc6 2. d4 d5 3. g3 Nf6 4. c4 dxc4 5. Qa4 Bf5 6. Bg2 Qd7 7. Qxc4 0-0-0 8. Be3 e6 9. 0-0 Nb4 10. Na3 Nfd5 11. Ne5 Nxe3 12. fxe3 Qe8 13. Nb5 Bd6 14. Nxd6+ Rxd6 15. Qxb4 Rb6 16. Qc5 f6 17. Rac1 c6 18. Nc4 Qd8 19. Nxb6+ axb6 20. Qa3 Kc7 21. b4 Qd6 22. Qc3 Bg6 23. b5 Be8 24. bxc6 bxc6 25. Rc2 c5 26. dxc5 Qxc5 27. Qxc5+ bxc5 28. Rxc5+ Kd7 29. Rd1+ Ke7 30. Rc7+ Kf8 31. Rd8 h6 32. Bc6 Kg8 33. Rxe8+ Kh7 34. Rxh8+ Kxh8 35. a4 1-0